000 00406nam a2200181Ia 4500
005 20251020182541.0
008 200515s9999 xx 000 0 und d
082 _a741:62/J39
100 _aJENSEN, C.
245 0 _aDibujo y diseño de ingeniería
260 _aMéxico, D.F.
260 _c1973
300 _a760
500 _a1 ejemplar
650 _aDIBUJO TECNICO
650 _aLIB
942 _cLIB
999 _c2419
_d2419